00281nam a2200121Ia 45000030006000000080041000060400015000471000015000622450025000772600028001025460012001300050017001420STCL150530s9999 xx 000 0 und d aSTCLcSTCL aChesterton aReturn of Donquixote bChatto and Windusc1927 aEnglish20220125171052.0